000
00321nam a2200121Ia 4500
100
_a
Berti, Daniela; Jaoul, Nicolas
245
0
_a
Cultural Entrenchment of Hindutva
264
_b
Routledge
_c
2010
300
_a
344
700
_a
Kanungo, Pralay
942
_c
IR
999
_c
120756
_d
120756